000 00355 a2200157 4500
001 57082
020 _a850061742X
040 _cAnchieta - Pituba
100 _aLessa, OrĂ­genes
240 1 0 _aAventuras do moleque jabuti
_lpor
245 1 0 _aAventuras do moleque jabuti
300 _a106
362 0 _a1997
650 4 _aLiteratura juvenil
942 _cBK
999 _c57082
_d57082